000
00324nam a2200133Ia 4500
005
20260328104316.0
008
260328s9999||||xx |||||||||||||| ||und||
100
_a
Moreno, Sarbello
245
0
_a
Casas y casonas de Querétaro /
_c
Sarbello Moreno
260
_b
Printed
300
_a
182 p.
650
_a
MEXICO
942
_c
BK
999
_c
11178
_d
11178